000 00669nam a2200205 a 4500
001 000032796
003 OSt
005 20201012121719.0
008 110726s1930 dr 000 0 spa d
040 _aDO-SdBNP
_bspa
_cBNPHU
049 _aBNPD
082 4 _a338.17374
_bC569i
100 1 _aCiferri, Raffaele
_958617
_d1897-
245 1 0 _aInforme general sobre la industria cacaotera de Santo Domingo. /
_cRaffaele Ciferri.
260 _aSanto Domingo :
_bImpr. J. R. Vda. García, Sucesores,
_c1930.
300 _a190 ;
_c23 cm.
650 4 _aCacao
_zRepública Dominicana
_xIndustrias
_xHistoria
_976852
910 _aValidado. Control de calidad MFF
942 _2ddc
_cLF1
999 _c32287
_d32287